Zelig

Falso documental sobre Leonard Zelig, el hombre camaleón que asombró a la sociedad norteamericana de la 'era del jazz'. Su historia arranca el día que miente al afirmar que ha leído Moby Dick, sólo para no sentirse excluido. Desde entonces, su necesidad de ser aceptado lo lleva a transform...

Descripción completa

Guardado en:
Autor Principal: Allen, Woody.
Autor Corporativo: Orion Pictures.
Otros Autores: Hyman, Dick; Música., Allen, Woody; Reparto., Farrow, Mia; Reparto.
Formato: Deslizar
Idioma:Undetermined
Publicado: Estados Unidos : United Artists, 1983.
Materias:
Etiquetas: Agregar Etiqueta
Sin Etiquetas, Sea el primero en etiquetar este registro!
LEADER 01536ngm a22002535a 4500
001 CEM.cems020673
008 231122s1983####xx#---############vlund#d
005 20231122191601.0
245 1 0 |a Zelig  |h [videograbación] /  |c Woody Allen. 
260 |a Estados Unidos :  |b United Artists,  |c 1983. 
300 |a 79'. 
520 |a Falso documental sobre Leonard Zelig, el hombre camaleón que asombró a la sociedad norteamericana de la 'era del jazz'. Su historia arranca el día que miente al afirmar que ha leído Moby Dick, sólo para no sentirse excluido. Desde entonces, su necesidad de ser aceptado lo lleva a transformarse físicamente en las personas que lo rodean, convirtiéndose así en un fenómeno mediático, en una celebridad sin esencia. Testigo de algunos de los acontecimientos más importantes de los años treinta, encaja a la perfección en todas partes porque asume las características tanto físicas como psíquicas de las personas con quien está para caerles bien. 
590 |a Identificación anterior: 295 
538 |a Soporte: DVD -- Formato: DVD – Peso: 3.46gb -- Resolución: 720 x 480 -- 29.97fps 
500 |a Título original: Zelig – Idioma: Inglés – Subtítulos: Español. 
100 1 |a Allen, Woody. 
700 1 |a Hyman, Dick; Música. 
700 1 |a Allen, Woody; Reparto. 
700 1 |a Farrow, Mia; Reparto. 
710 2 |a Orion Pictures. 
653 |a FICCIÓN 
653 |a LARGOMETRAJE 
653 |a FALSO DOCUMENTAL 
859 |a CEMS  |b BIB. CEMS - Depto. Recursos Didacticos  |h 778.5  |i ALL-4  |k DRD  |p 3236.23  |t Ej.1